00535 a2200145 4500020001500000082001500015100002000030245011000050250001200160260004800172300002500220650003400245999001300279952009700292 a0803959397 a300.72 STR aStrauss, Anselm aBasics of Qualitative Research : techniques and procedures for developing grounded theorycAnselm Strauss a2nd ed. aLondon : New DelhibSage publicationsc1998 axiii, 312p. :c25 cm aBasics of QualitativeResearch c223d223 00104070aNITbNITcCEd0000-00-00l0o300.72 STRpNIT- 03625 r2017-01-05w2017-01-05yBK